01405cam a22002658i 450000100090000000300050000900500170001400800410003101000170007202000180008904000230010704200080013005000260013808200170016410000280018124500360020926300090024526400500025430000110030433600260031533700280034133800270036952007180039665500250111419745239NUST20170712102030.0170621s2017 ilu 000 1 eng  a 2017027751 a9780747268475 aDLCbengerdacDLC apcc00aPR6063.A395bS54 201700a823.914bMAN1 aMansell, Jill,eauthor.10aSheer mischief /cJill Mansell. a1801 1aNaperville, IL :bSourcebooks Landmark,c2017 a504 p. atextbtxt2rdacontent aunmediatedbn2rdamedia avolumebnc2rdacarrier a"It's not that Janey Sinclair isn't happy to see her sister--she just wishes that she could have arrived in a less dramatic fashion. Waking up at seven a.m. to Maxine waiting at the door wearing a borrowed wedding dress and with a police escort wasn't how Janey planned to start her Sunday. Still, life's never dull when Maxine's around, and Janey, who's rebuilding her life, is delighted that her sister's back in town. So when Maxine sets her sights on glamorous fashion photographer Guy Cassidy, Janey knows there's no limit to the mischief her sister will make in order to dispatch the competition. Little do they know that the competition is a lot closer to home than they think..."--cProvided by publisher. 7aLove stories.2gsafd